00475 2200181 4500001002100000005001500021008004100036020001800077035001900095041000700114082000800121090001400129100001200143245005200155260004700207300002300254650001600277INLIS00000000001349520241224114552241224||||||||| | ||| |||| || |  a979-678-889-6 0010-1224013495 aid0 a300 a300 SAM p0 aSamukin00aILMU PENGETAHUAN SOSIAL untuk SD dan MI kelas 3 aBandungbPT. Sarana Panca Karya Nusac2007 avi+90hlm;17,5x25cm 0aIlmu Sosial